[Event "USA-ch Qualifier"]
[Site "Tulsa"]
[Date "2008.03.29"]
[Round "3"]
[White "Chua, Alexander J"]
[Black "Airapetian, Chouchanik"]
[Result "0-1"]
[WhiteElo "2279"]
[BlackElo "2092"]
[PlyCount "96"]
[EventDate "2008.03.28"]
[EventType "swiss"]
[EventRounds "7"]
[EventCountry "USA"]
[SourceTitle "CBM 123 Extra"]
[Source "ChessBase"]
[SourceDate "2008.05.06"]
[SourceVersion "1"]
[SourceVersionDate "2008.05.06"]
[SourceQuality "1"]

1. d4 Nf6 2. c4 g6 3. Nc3 Bg7 4. e4 d6 5. f4 0-0 6. Nf3 e5 7. fxe5 dxe5 8. d5 Nh5 9. Be3 f5 10. Qc2 fxe4 11. Nxe4 Bg4 12. 0-0-0 Nd7 13. c5 Ndf6 14. Bc4 Nxe4 15. Qxe4 Bf5 16. d6+ Kh8 17. Qxb7 cxd6 18. Rxd6 Qc8 19. Qxc8 Rfxc8 20. Ra6 Rc7 21. b4 Nf4 22. Bxf4 exf4 23. Rd1 Bc3 24. a3 Rb8 25. Rad6 a5 26. Rd8+ Rxd8 27. Rxd8+ Kg7 28. Rg8+ Kh6 29. Bd5 axb4 30. axb4 Rd7 31. Bc6 Rc7 32. b5 Bb4 33. Nd4 Ba3+ 34. Kd2 Bb4+ 35. Kd1 Bg4+ 36. Bf3 Bxc5 37. Bxg4 Bxd4 38. Rd8 Be3 39. Rc8 Rb7 40. Be2 Ra7 41. Bf3 Ra2 42. Rc7 Rd2+ 43. Ke1 Rb2 44. Rb7 Bg1 45. h3 Bf2+ 46. Kf1 Bg3 47. Bc6 Rf2+ 48. Kg1 Re2 0-1

[Event "American Continental (Women) 04th"]
[Site "San Luis"]
[Date "2007.08.31"]
[Round "4.13"]
[White "Airapetian, Chouchanik"]
[Black "Colautti, Marcela"]
[Result "1-0"]
[WhiteElo "2162"]
[BlackElo "1929"]
[PlyCount "175"]
[EventDate "2007.08.28"]
[EventType "swiss"]
[EventRounds "11"]
[EventCountry "ARG"]
[SourceTitle "EXT 2023"]
[Source "ChessBase"]
[SourceDate "2022.10.05"]
[SourceVersion "1"]
[SourceVersionDate "2022.10.05"]
[SourceQuality "1"]

1. e4 e6 2. d4 d5 3. Nc3 Nf6 4. Bg5 Be7 5. e5 Nfd7 6. Be3 a6 7. Qg4 g6 8. h4 h5 9. Qg3 c5 10. f4 cxd4 11. Bxd4 Nc6 12. Bf2 b5 13. Nf3 b4 14. Ne2 Bc5 15. Ned4 Nxd4 16. Nxd4 Qb6 17. 0-0-0 Bb7 18. Qg5 Be7 19. Qg3 Bc5 20. Be2 0-0-0 21. Kb1 Kb8 22. Rhf1 Rc8 23. Bg1 Rhg8 24. Nb3 Bxg1 25. Rxg1 a5 26. Qd3 Rc4 27. Qd2 Rc7 28. Qd4 Nc5 29. g4 hxg4 30. Rxg4 Rh8 31. Rdg1 Ka7 32. Nxc5 Qxc5 33. Qxc5+ Rxc5 34. Rd1 Ba6 35. Bf3 Rhc8 36. Rg2 Rc4 37. f5 gxf5 38. h5 Rf4 39. Rg3 Rh4 40. Rg7 Rh8 41. Rxf7+ Kb6 42. Rf6 Bc8 43. Bxd5 R4xh5 44. Bxe6 Bxe6 45. Rxe6+ Kc7 46. Rf6 f4 47. e6 Re5 48. Rf7+ Kc6 49. e7 Re8 50. Rxf4 R8xe7 51. b3 Kb5 52. Kb2 Rc7 53. Rd2 Rec5 54. Rfd4 a4 55. bxa4+ Kxa4 56. a3 Rc4 57. axb4 Rxb4+ 58. Rxb4+ Kxb4 59. Rd4+ Rc4 60. Rd8 Rc6 61. Rb8+ Kc4 62. c3 Kd3 63. Rb7 Rc8 64. Rd7+ Kc4 65. Rd4+ Kc5 66. Rb4 Rd8 67. Kc2 Rd7 68. Rb8 Rc7 69. Kb3 Kc6 70. Kc4 Kd7+ 71. Kb4 Kc6 72. c4 Ra7 73. Rc8+ Kb7 74. Rh8 Ra1 75. Kb5 Rc1 76. Rh7+ Kb8 77. c5 Rc2 78. Kb6 Rb2+ 79. Kc6 Rc2 80. Rb7+ Kc8 81. Ra7 Kb8 82. Rg7 Rc1 83. Rg8+ Ka7 84. Rc8 Rc2 85. Rd8 Rc1 86. Kd6 Kb7 87. Rd7+ Kb8 88. c6 1-0